00482nam a2200169Ia 450000500170000000800410001708200130005810000220007124500340009325000090012726000370013630000130017365000100018694200060019695200950020299900150029720250522011919.0240331s9999 xx 000 0 und d a301bSAN aSangrithiyayan, R 0aValgavilirunthu gangai varai  a18th aMadrasbTamil Puthakalayamc1991 a496 p ., aNovel cL 001040708LaWERCLbWERCLcSSCd2024-03-31l0o 301 SANp1508r2024-03-31w2024-03-31yL c1047d1047